[Event "GER-chT U10"]
[Site "Magdeburg"]
[Date "2016.12.29"]
[Round "7.4"]
[White "Deiters, Clemenz"]
[Black "Hoffmann, Lucas"]
[Result "1/2-1/2"]
[WhiteElo "1091"]
[BlackElo "853"]
[PlyCount "92"]
[EventDate "2016.12.27"]
[EventType "team-swiss"]
[EventRounds "7"]
[EventCountry "GER"]
[SourceTitle "EXT 2018"]
[Source "ChessBase"]
[SourceDate "2017.10.13"]
[SourceVersion "1"]
[SourceVersionDate "2017.10.13"]
[SourceQuality "1"]
[WhiteTeam "Plauen Koenig"]
[BlackTeam "Berlin Schachpinguine"]
[WhiteTeamCountry "GER"]
[BlackTeamCountry "GER"]

1. e4 e5 2. Nf3 Nc6 3. Bc4 Bc5 4. d3 Nf6 5. 0-0 0-0 6. c3 d6 7. h3 Be6 8. b3 Qd7 9. Bg5 Nh5 10. d4 exd4 11. cxd4 Bxc4 12. bxc4 Bb4 13. Nbd2 Bc3 14. Nb3 Bxa1 15. Qxa1 Rae8 16. Re1 Nb4 17. c5 Nc2 18. Qc1 Nxe1 19. Qxe1 d5 20. e5 f6 21. Bd2 b6 22. cxb6 axb6 23. Bc3 Nf4 24. Kh2 Rf7 25. Qe3 Qf5 26. g4 Qc2 27. Qd2 Qxd2 28. Nbxd2 Nd3 29. Kg3 c5 30. exf6 gxf6 31. Nb3 c4 32. Nbd2 f5 33. Ne5 Nxe5 34. dxe5 f4+ 35. Kf3 d4 36. Bxd4 Rd8 37. Ke4 Ra8 38. Nxc4 b5 39. Nd6 Re7 40. Nxb5 Rxa2 41. f3 Re2+ 42. Kxf4 Re1 43. Nd6 Kg7 44. Nf5+ Kf7 45. Nxe7 Kxe7 46. Bc3 Rh1 1/2-1/2

[Event "GER-chT U10"]
[Site "Magdeburg"]
[Date "2016.12.28"]
[Round "4.4"]
[White "Deiters, Clemenz"]
[Black "Tietz, Bennit"]
[Result "1-0"]
[WhiteElo "1091"]
[BlackElo "792"]
[PlyCount "25"]
[EventDate "2016.12.27"]
[EventType "team-swiss"]
[EventRounds "7"]
[EventCountry "GER"]
[SourceTitle "EXT 2018"]
[Source "ChessBase"]
[SourceDate "2017.10.13"]
[SourceVersion "1"]
[SourceVersionDate "2017.10.13"]
[SourceQuality "1"]
[WhiteTeam "Plauen Koenig"]
[BlackTeam "Hamburger SK II"]
[WhiteTeamCountry "GER"]
[BlackTeamCountry "GER"]

1. e4 e5 2. Nf3 Nc6 3. Bc4 Nf6 4. d3 Bc5 5. c3 d5 6. exd5 Nxd5 7. d4 exd4 8. cxd4 Qe7+ 9. Qe2 Qxe2+ 10. Bxe2 Bb4+ 11. Bd2 Bxd2+ 12. Nbxd2 0-0 13. 0-0 1-0

[Event "GER-chT U10"]
[Site "Magdeburg"]
[Date "2016.12.27"]
[Round "2.4"]
[White "Deiters, Clemenz"]
[Black "Bangiev, Anton"]
[Result "1-0"]
[WhiteElo "1091"]
[BlackElo "600"]
[PlyCount "49"]
[EventDate "2016.12.27"]
[EventType "team-swiss"]
[EventRounds "7"]
[EventCountry "GER"]
[SourceTitle "EXT 2018"]
[Source "ChessBase"]
[SourceDate "2017.10.13"]
[SourceVersion "1"]
[SourceVersionDate "2017.10.13"]
[SourceQuality "1"]
[WhiteTeam "Plauen Koenig"]
[BlackTeam "Hannover"]
[WhiteTeamCountry "GER"]
[BlackTeamCountry "GER"]

1. e4 c6 2. d4 d5 3. Nc3 Nf6 4. e5 Bf5 5. exf6 gxf6 6. Nf3 Nd7 7. Bf4 Qa5 8. Be2 0-0-0 9. a3 Rg8 10. 0-0 e6 11. b4 Qb6 12. Bd3 Re8 13. Bxf5 exf5 14. Qd2 a5 15. Rfb1 axb4 16. axb4 Bxb4 17. Ra4 Qd8 18. Rbxb4 Nb6 19. Rxb6 Qxb6 20. Ra8+ Kd7 21. Rxe8 Rxe8 22. Na4 Qb1+ 23. Qc1 Qxc1+ 24. Bxc1 Re4 25. Nc5+ 1-0